000 00426nam a22001697a 4500
003 OSt
005 20220131111532.0
008 220131b |||||||| |||| 00| 0 eng d
020 _a0-683-00262-7
040 _aDDC
_cHU2ND
082 _22ND
_a616.994061
_b3
100 _aJAMES O.ARMITAGE
_929148
245 _aHIGH-DOSE CANCER THERAPY
250 _a2ND
260 _aTOKYO
_bWILLIAMS AND WILKINS
_c1995
942 _2ddc
_cBOOKS
_n0
999 _c28508
_d28508